LEADER 01115nam--2200373---450- 001 990003355380203316 005 20091202151555.0 010 $a0-14-055055-0 035 $a000335538 035 $aUSA01000335538 035 $a(ALEPH)000335538USA01 035 $a000335538 100 $a20091202d1985----km-y0itay50------ba 101 $aeng 102 $aGB 105 $a||||||||001yy 200 1 $a<> Waning of the Middle Ages$eA study of the forms of life, thought and art in France and the netherlands in the fourteenth and fifteenth centuries$fJ. Huizinga$gtranslated by F. Hopman 210 $aLondon$cPenguin books$d1985 215 $a368 p.$d18 cm 410 0$12001 454 1$12001 461 1$1001-------$12001 606 0 $aFrancia$xCiviltà$zSec. 14.-15. 676 $a940.1 700 1$aHUIZINGA,$bJohan$0292479 702 1$aHOPMAN$bF. 801 0$aIT$bsalbc$gISBD 912 $a990003355380203316 951 $aVI.2.B.5$b997 DSLL 959 $aBK 969 $aDSLL 979 $aDSLL$b90$c20091202$lUSA01$h1515 996 $aWaning of the Middle Ages$9504372 997 $aUNISA LEADER 02200oam 2200553 450 001 9910704399203321 005 20160223130734.0 035 $a(CKB)5470000002439688 035 $a(OCoLC)755126313 035 $a(EXLCZ)995470000002439688 100 $a20110930j199607 ua 0 101 0 $aeng 135 $aurbn||||||||| 181 $ctxt$2rdacontent 182 $cc$2rdamedia 183 $acr$2rdacarrier 200 10$aLeast squares best fit method for the three parameter Weibull distribution $eanalysis of tensile and bend specimens with volume or surface flaw failure /$fBernard Gross 210 1$a[Washington, D.C.] :$cNational Aeronautics and Space Administration, Office of Management, Scientific and Technical Information Program,$dJuly 1996. 215 $a1 online resource (18 pages) $cillustrations 225 1 $aNASA technical memorandum ;$v4721 300 $aTitle from title screen (viewed Feb. 23, 2016). 300 $a"July 1996." 300 $a"Performing organization: National Aeronautics and Space Administration, Lewis Research Center, Cleveland, Ohio"--Report documentation page. 320 $aIncludes bibliographical references (page 10). 517 $aLeast squares best fit method for the three parameter Weibull distribution 606 $aWeibull density functions$2nasat 606 $aCeramics$2nasat 606 $aSurface defects$2nasat 606 $aBending$2nasat 606 $aStructural design$2nasat 615 7$aWeibull density functions. 615 7$aCeramics. 615 7$aSurface defects. 615 7$aBending. 615 7$aStructural design. 700 $aGross$b Bernard$0259292 712 02$aLewis Research Center. 712 02$aUnited States.$bNational Aeronautics and Space Administration.$bScientific and Technical Information Program, 712 02$aUnited States.$bNational Aeronautics and Space Administration, 801 0$bOCLCE 801 1$bOCLCE 801 2$bOCLCQ 801 2$bOCLCF 801 2$bOCLCO 801 2$bGPO 906 $aBOOK 912 $a9910704399203321 996 $aLeast squares best fit method for the three parameter Weibull distribution$93464931 997 $aUNINA